Health care facilities handbook
Na minha lista:
| Outros Autores: | |
|---|---|
| Formato: | Livro |
| Publicado em: |
Quincy, Mass. : National Fire Protection Association
1999
|
| Edição: | 6 |
| Tags: |
Adicionar Tag
Sem tags, seja o primeiro a adicionar uma tag!
|
MARC
| LEADER | 00000nam a2200000Ia 4500 | ||
|---|---|---|---|
| 003 | 000052 | ||
| 005 | 20221231144018.0 | ||
| 008 | 140114s1999 m a 000 ||e d | ||
| 040 | |c cru CEDI | ||
| 082 | |a 632.110.682 N277h | ||
| 245 | |a Health care facilities handbook | ||
| 250 | |a 6 | ||
| 260 | |a Quincy, Mass. : National Fire Protection Association |c 1999 | ||
| 300 | |a xiv, 865 , ilustraciones | ||
| 500 | |a "Basado en NFPA99, Standard for health care facilities." | ||
| 700 | |9 18797 |a Gardner, Thomas W |d Editor | ||
| 942 | |2 ddc |c BK | ||
| 999 | |c 15606 |d 15606 | ||
